<?xml version='1.0' encoding='UTF-8'?><?xml-stylesheet href='static/style.xsl' type='text/xsl'?><OAI-PMH xmlns="http://www.openarchives.org/OAI/2.0/" xmlns:xsi="http://www.w3.org/2001/XMLSchema-instance" xsi:schemaLocation="http://www.openarchives.org/OAI/2.0/ http://www.openarchives.org/OAI/2.0/OAI-PMH.xsd"><responseDate>2026-04-30T19:47:53Z</responseDate><request verb="GetRecord" identifier="oai:ebiltegia.mondragon.edu:20.500.11984/4285" metadataPrefix="marc">https://ebiltegia.mondragon.edu/oai/request</request><GetRecord><record><header><identifier>oai:ebiltegia.mondragon.edu:20.500.11984/4285</identifier><datestamp>2024-01-04T21:56:55Z</datestamp><setSpec>com_20.500.11984_1736</setSpec><setSpec>com_20.500.11984_1627</setSpec><setSpec>col_20.500.11984_1972</setSpec></header><metadata><record xmlns="http://www.loc.gov/MARC21/slim" xmlns:dcterms="http://purl.org/dc/terms/" xmlns:xsi="http://www.w3.org/2001/XMLSchema-instance" xmlns:doc="http://www.lyncode.com/xoai" xsi:schemaLocation="http://www.loc.gov/MARC21/slim http://www.loc.gov/standards/marcxml/schema/MARC21slim.xsd">
   <leader>00925njm 22002777a 4500</leader>
   <datafield ind2=" " ind1=" " tag="042">
      <subfield code="a">dc</subfield>
   </datafield>
   <datafield ind2=" " ind1=" " tag="720">
      <subfield code="a">Mondragon Unibertsitatea</subfield>
      <subfield code="e">author</subfield>
   </datafield>
   <datafield ind2=" " ind1=" " tag="260">
      <subfield code="c">2015-05-18</subfield>
   </datafield>
   <datafield ind2=" " ind1=" " tag="520">
      <subfield code="a">Ostiralean, hilak 22, Humanitate eta Hezkuntza Zientzien Fakultatearen eguna ospatuko da Eskoriatzan. Urtero bezala, oraingoan ere ekitaldi mordoa prestatu dituzte egun osoan zehar gozatzeko, bestea beste, sorkuntza erakustaldiak, jolasak, musika kontzertuak, poteoa eta bazkaria. Fakultateko Euskara Batzordeak eta Ikasle Abertzaleek antolatu dute jaia.</subfield>
   </datafield>
   <datafield ind2=" " ind1=" " tag="520">
      <subfield code="a">El próximo viernes, día 15 de mayo, la Facultad de Humanidades y Ciencias de la Educación de MONDRAGON UNIBERTSITATEA celebra su día, Txomin Txapel. La jornada, que se celebrará en Eskoriatza, contará con una gran cantidad de actividades ludico-festivas, tales como las demostraciones artísticas, juegos, música y, como no, la habitual comida popular y posterior kalejira por las calles del pueblo. La fiesta esta organizada por la Comisión de Euskera de la facultad e Ikasle Abertzaleak.</subfield>
   </datafield>
   <datafield ind1="8" ind2=" " tag="024">
      <subfield code="a">https://hdl.handle.net/20.500.11984/4285</subfield>
   </datafield>
   <datafield tag="653" ind2=" " ind1=" ">
      <subfield code="a">Humanitate eta Hezkuntza Zientzien Fakultatea</subfield>
   </datafield>
   <datafield ind2="0" ind1="0" tag="245">
      <subfield code="a">Fakultateko jaia ospatuko da ostiralean, Txomin Txapel</subfield>
   </datafield>
   <datafield ind2="0" ind1="0" tag="245">
      <subfield code="a">El proximo viernes se celebrará Txomin Txapel, la fiesta de la facultad</subfield>
   </datafield>
</record></metadata></record></GetRecord></OAI-PMH>